000 01684nam a22004337a 4500
001 000104916
003 CHAP
005 20220329143741.0
008 110601s2011 mx r 00010 spa d
010 _a101378
011 _a102350
035 _a113038
040 _cCHAP
090 _aTesis
100 1 _aSanchez Vidaña, Mariel del Rosario.
_9102006
245 1 0 _aEfecto de la aplicación foliar de efluentes de composta, fertilizante organomental y azúcares en tomate (Lycopersicon esculentum, Mill.) desarrollado en Tezontle y aserrín /
_c/por Mariel del Rosario Sánchez Vidaña.
260 _aChapingo, Méx. :
_bEl autor,
_c2011.
502 _aTesis (Ing. Agr. Esp. en Fitotecnia) -- UACH. Departamento de Fitotecnia
590 _aALEPH
_b10
_c20130110
_lUCH01
_h1540
590 _aBATCH-UPD
_b10
_c20130110
_lUCH01
_h0917
590 _aBATCH-UPD
_b10
_c20130410
_lUCH01
_h0540
590 _aBATCH-UPD
_b10
_c20130914
_lUCH01
_h1021
590 _aBATCH-UPD
_b10
_c20140324
_lUCH01
_h1525
590 _aBATCH-UPD
_b10
_c20141002
_lUCH01
_h0849
590 _aCONVERSION
_b10
_c20130109
_lUCH01
_h1356
590 _aE11695DGD
_b10
_c20150326
_lUCH01
_h0728
650 1 4 _aCompost.
_926105
650 1 4 _aCultivos
_xInvernadero.
_930284
650 1 4 _aFertilización foliar.
_940445
650 1 4 _aFertilizantes organominerales.
_940597
650 1 4 _aHidroponía.
_955280
650 1 4 _aJarabe de caña de azúcar.
_961109
650 1 4 _aTomate
_xRendimiento.
_9113761
901 _aBK
942 _cFOLL
942 _n0
949 _aTesis
_bBC
_cTES
_d33724002250959
_eTS1
_gDonaciØn
_h52328
_i113038
_st
949 _aTesis
_bBC
_cTES
_d33724002250991
_eTS2
_fc.2
_gDonaciØn
_h52329
_i113038
_st
999 _c101378
_d101378